| 000 | 01349nam a2200277 i 4500 | ||
|---|---|---|---|
| 001 | 163775 | ||
| 003 | ES-MaACL | ||
| 005 | 20251012063057.0 | ||
| 008 | 960723s1881 sp |||| | spa d | ||
| 080 | _a622(460.287) | ||
| 080 | _a622(464.3) | ||
| 080 | _a622.349.9(460.354 Almadén) | ||
| 100 | 1 |
_aRodríguez Ferrer, Miguel, _d1815-1889 _9131928 |
|
| 245 | 1 | 0 |
_aAgua, azogue y carbón : _bcartas descriptivas de una expedición de estudio a los hervideros de la Fuensanta, minas de Almadén y a las de Hornaguera en Puerto-LLano (Ciudad-Real) verificada durante... 1873 y... 1874 / _cpor... Don Miguel Rodríguez Ferrer, uno de los expedicionarios. |
| 260 |
_aMadrid : _b[s.n.], _c1881 ( _fImp. de Manuel G. Hernández) |
||
| 300 |
_a[8], 109 p. ; _c23 cm. |
||
| 530 | _aDisponible en formato digital. | ||
| 650 | 4 |
_aMinas- _zCiudad Real (Provincia) _9161104 |
|
| 650 |
_aMinas- _zAlmadén. _9136500 |
||
| 650 |
_aMinas de mercurio- _zAlmadén. _9167428 |
||
| 852 | 4 |
_aES-MaACL _jG-8169 _z- Enc. tela morada |
|
| 852 | 4 |
_aES-MaACL _jT-430-F-5 _z- Enc. hol. _z- Enc. en un vol. facticio |
|
| 852 | 4 |
_aES-MaACL _jT-906-F-2 _z- Enc. hol., conservando cub. original _z- Enc. en un vol. facticio |
|
| 856 | 4 |
_uhttp://bdh-rd.bne.es/viewer.vm?id=0000090819&page=1 _zBiblioteca Digital Hispánica |
|
| 999 |
_c163775 _d163775 |
||